000 01861cam a22004217a 4500
001 16128259
003 ARRUPE
005 20161129123016.0
008 100310s2009 gw b 000 0 eng d
010 _a 2010291847
020 _a9783631589939 (pbk.)
020 _a363158993X (pbk.)
035 _a(OCoLC)ocn489087275
040 _aOHX
_cOHX
_dINU
_dBTCTA
_dBHA
_dDLC
042 _alccopycat
043 _af-nr---
050 0 0 _aBP172
_b.E95 2009
072 7 _aBR
_2lcco
072 7 _aBP
_2lcco
082 0 4 _a261.2709669
_222
100 1 _aEzegbobelu, Edmund Emeka.
_927728
245 1 0 _aChallenges of interreligious dialogue :
_bbetween the Christian and the Muslim communities in Nigeria /
_cEdmund Emeka Ezegbobelu.
260 _aFrankfurt am Main :
_bLang,
_cc2009.
300 _axii, 281 p. ;
_c21 cm.
490 1 _aEuropäische Hochschulschriften. Reihe XXIII, Theologie ;
_vv. 898 =
_aPublications universitaires Europeennes. Serie 23, Theologie ;
_vv. 898 =
_aEuropean university studies. Series 23, Theology ;
_vv. 898
500 _aOriginally presented as the author's thesis (doctoral)-Univ. Frankfurt (Main), 2009.
504 _aIncludes bibliographical references (p. 266-281).
650 0 _aChristianity and other religions
_zNigeria.
_927729
650 0 _aIslam
_zNigeria
_xRelations
_xChristianity.
_927730
650 0 _aDialogue
_xReligious aspects.
_927731
650 0 _aReligious pluralism
_xSocial aspects
_zNigeria.
_927732
650 0 _aReligious tolerance
_xSocial aspects
_zNigeria.
_927733
830 0 _aEuropäische Hochschulschriften.
_nReihe XXIII,
_pTheologie ;
_vBd. 898.
_927734
906 _a7
_bcbc
_ccopycat
_d3
_encip
_f20
_gy-gencatlg
936 _aPR 501321649
942 _2lcc
_cMONOGRAPH
999 _c125820
_d125820